000 00648nam a2200193 a 4500
005 20140311163030.0
008 100315s19uu xx 00 eng d
020 _a9781433804021
050 _aRC 564
_b.Ad314 2009
245 _aAddictive behaviors :
_bnew readings on etiology, prevention, and treatment /
_cedited by G. Alan Marlatt and Katie Witkiewitz.
260 _aWashington DC :
_bAmerican Psychological Association,
_c2009.
300 _a778 p. :
_c26 cm.
521 _aPSYCH
650 _aSubstance abuse.
650 _aCompulsive behavior.
650 _aBehavior, addictive
_xCollective.
942 _cBK
_2lcc
_kFOR
999 _c39614
_d39614